Historia: antropología y fuentes orales
Saved in:
| Main Author: | |
|---|---|
| Format: | Book |
| Language: | Spanish |
| Published: |
Barcelona
Asociación Historia y Fuente Oral
2007
Barcelona Universidad de Granada 2007 Barcelona Arxiu Històric de la Ciutat de Barcelona 2007 |
| Series: | Entre-vistas, 37
|
| Subjects: | |
| Tags: |
Add Tag
No Tags, Be the first to tag this record!
|
MARC
| LEADER | 00000nam a2200000 a 4500 | ||
|---|---|---|---|
| 001 | UCG5673 | ||
| 003 | CL-VaPUC | ||
| 008 | 110317e20070000SP |||||||||||||||||spa|d | ||
| 082 | 0 | 4 | |a 301 |b VIL |2 21 |
| 100 | 0 | |a Vilanova, Mercedes |e author |9 555423 | |
| 245 | 1 | 0 | |a Historia: antropología y fuentes orales |
| 300 | |a 192 p | ||
| 942 | |c BK | ||
| 945 | |d 20110317 00:00:00 |a dcastane | ||
| 260 | |a Barcelona |b Asociación Historia y Fuente Oral |c 2007 | ||
| 260 | |a Barcelona |b Universidad de Granada |c 2007 | ||
| 260 | |a Barcelona |b Arxiu Històric de la Ciutat de Barcelona |c 2007 | ||
| 650 | 0 | |a Antropología |9 233030 | |
| 650 | 0 | |a Cultura y sociedad |9 367502 | |
| 583 | |a last modification |c 20130618 09:14:00 |k Rodrigo Vera | ||
| 490 | 0 | |a Entre-vistas, 37 | |
| 999 | |c 344076 |d 344074 | ||
| 952 | |0 0 |1 0 |4 0 |6 301_000000000000000_VIL_2007_2007_2007 |7 0 |8 A |9 441860 |a BIBHIS |b BIBHIS |d 2019-11-22 |i 4755200 |l 4 |o 301 VIL 2007 2007 2007 |p 4755200 |r 2025-01-20 |s 2024-10-16 |w 2019-11-22 |y BK |k HIS | ||